Stavebný princíp rečníckeho prejavu
Rečnícke figúry nie sú založené len na opakovaní toho istého slova alebo spojenia slov, ale aj na opakovaní podobných hlások, hláskových skupín a slabík. Opakovanie hlások zvyčajne esteticky znásobuje dojem z vystúpenia. Podčiarkujú aj význam opakovaných slov a tvarov.
Gespeichert in:
| 1. Verfasser: | |
|---|---|
| Format: | Buchkapitel |
| Sprache: | Slowakisch |
| Schlagworte: | |
| Tags: |
Keine Tags, Fügen Sie das erste Tag hinzu!
|
MARC
| LEADER | 00000naa a2200000 4500 | ||
|---|---|---|---|
| 001 | r045739 | ||
| 005 | 20230927092130.7 | ||
| 041 | 0 | |a slo | |
| 044 | |a SK | ||
| 245 | 1 | 0 | |a Stavebný princíp rečníckeho prejavu |c Ján Findra |
| 520 | |a Rečnícke figúry nie sú založené len na opakovaní toho istého slova alebo spojenia slov, ale aj na opakovaní podobných hlások, hláskových skupín a slabík. Opakovanie hlások zvyčajne esteticky znásobuje dojem z vystúpenia. Podčiarkujú aj význam opakovaných slov a tvarov. | ||
| 610 | 2 | 0 | |a komunikácia |
| 610 | 2 | 0 | |a jazykoveda |
| 100 | 1 | |a Findra, Ján | |